| 000 | 00680nam a2200205 a 4500 | ||
|---|---|---|---|
| 001 | 000043169 | ||
| 005 | 20201002040706.0 | ||
| 008 | 140220s1993 sp ab 000 0 spa d | ||
| 020 | _a8476832079 | ||
| 040 |
_aDO-SdBNP _bspa _cBNPHU |
||
| 082 |
_axxx _bC419c |
||
| 245 | 0 | 3 |
_aLa cervantiada / _cedición de Julio Ortega. |
| 260 |
_aMadrid : _bLibertarias, _c1993. |
||
| 300 |
_a316 p. : _bil., mapas ; _c22 cm. |
||
| 490 | 1 |
_aLas dos orillas _v1 |
|
| 500 | _aIncluye datos biográficos del autor en la solapa | ||
| 500 | _aIncluye referencias bibliográficas y notas al pie de las páginas | ||
| 700 | 1 | 2 |
_aOrtega, Julio, _d1942- _eed. _98984 |
| 830 | 0 |
_aLas dos orillas ; _n1 _970744 |
|
| 999 |
_c42658 _d42658 |
||